Johzenji members -Haikyuu!! - Statistics

General Stats
  • This quiz has been taken 86 times
  • The average score is 7 of 10
Answer Stats
Hint Answer % Correct
#1 (WS) Yūji Terushima
100%
Manager Hana Misaki
67%
#4 (WS) Katsumichi Higashiyama
67%
#2 (MB) Kazuma Bobata
67%
#9 (MB) Nobuyoshi Īzaka
67%
#7 (WS) Rintarō Numajiri
67%
Junior Manager Runa Kuribayashi
67%
#3 (S) Takeharu Futamata
67%
#11 (L) Arata Tsuchiyu
58%
Coach Takaaki Anabara
58%
No matching quizzes found
Score Distribution
Percent of People with Each Score
Percentile by Number Answered
Your Score History
You have not taken this quiz